000 00821nam a22001937a 4500
005 20120426123712.0
020 _c125.00
_a
035 _aB-46486
037 _b
_adpl
082 _a371.102
100 _aबधेका, गिजुभाई
_945792
245 1 _aदिवास्वप्न /
_cगिजुभाई बधेका
260 _aदिल्ली
_bसंस्कृति साहित्य
_c2000
270 _a
_b
_e
_k
300 _a95पृ.
_c22सेमी (सजिल्द)
490 _aशिक्षा के विविध आयाम
_945793
942 _adpl
_cHN
_k
_2ddc
_h371.102
_mबधेका
999 _c65674
_d65674